000 00397pab a2200169 454500
008 180718b2008 xxu||||| |||| 00| 0 eng d
100 _aSrivastava, Vinay Kumar
245 _aOn tribal economy and society
260 _c2008
300 _ap.533-48.
362 _aOct-Dec
650 _aSocial systems
650 _aTribes
773 _aEastern Anthropologist
908 _aN
909 _a82233
999 _c82233
_d82233